Welcome to CU Library Online Public Access Catalogue (OPAC)

STUDYING THE ENGLISH LANGUAGE (Record no. 1974)

MARC details
000 -LEADER
fixed length control field 00421nam a22001577a 4500
005 - DATE AND TIME OF LATEST TRANSACTION
control field 20241205123342.0
008 - FIXED-LENGTH DATA ELEMENTS--GENERAL INFORMATION
fixed length control field 241205b |||||||| |||| 00| 0 eng d
020 ## - INTERNATIONAL STANDARD BOOK NUMBER
International Standard Book Number 0-333-72740-1
050 ## - LIBRARY OF CONGRESS CALL NUMBER
Classification number PE1130
Item number PEN
100 ## - MAIN ENTRY--PERSONAL NAME
Personal name PENHALLURICK, ROB;
245 ## - TITLE STATEMENT
Title STUDYING THE ENGLISH LANGUAGE
260 ## - PUBLICATION, DISTRIBUTION, ETC.
Place of publication, distribution, etc. NEW YORK
Name of publisher, distributor, etc. PALGRAVE MACMILLAN
Date of publication, distribution, etc. c2003
300 ## - PHYSICAL DESCRIPTION
Extent xii, 249p;
Other physical details ill.;
500 ## - GENERAL NOTE
General note INCLUDING INDEX
942 ## - ADDED ENTRY ELEMENTS (KOHA)
Source of classification or shelving scheme Library of Congress Classification
Koha item type Books
Suppress in OPAC No
999 ## -
-- 1974
-- 1974
Holdings
Withdrawn status Lost status Source of classification or shelving scheme Damaged status Not for loan Collection Home library Current library Shelving location Date acquired Total checkouts Full call number Barcode Date last seen Copy number Price effective from Koha item type
    Library of Congress Classification     Non-fiction Undergraduate Library (Christ Temple) Undergraduate Library (Christ Temple) General stacks 12/05/2024   PE1130 PEN ulct00000527 12/05/2024 1 12/05/2024 Books
© 2023-2024 Copyright: Central University Libraries. All Rights Reserved | Created by: Mahone Tech Office